000 00526nam a2200205Ia 4500
003 GCL
008 140319s9999 xx 000 0 eng d
040 _aGCL /
_cGCL
082 0 4 _a846
_bB L
100 1 _aAUSERVE, PHILIPPE
245 1 0 _aLETTRES INEDITES AUX SIENS /
_cAUSERVE, PHILIPPE
700 1 _aBAUDELAIRS, CHARLES
260 _a[S.N] :
_bBERNARD GRASSET ،
_c1966
300 _a245 P
650 0 4 _aLITERATURE
650 0 4 _aLETTERS
650 0 4 _aFRENCH LETTERS
650 0 4 _aFRENCH LITERATURE
942 _2ddc
_cBK
999 _c24913
_d24913